N'oubliez pas les paroles ! #8 - Statistiques

Statistiques générales
  • Ce quiz a été pris 139 fois
    125 depuis la dernière actualisation
  • Le résultat moyen est 5 sur 10
Statistiques - réponses
Chansons Chanteurs Paroles précédentes Paroles à trouver % Correct
Petite Marie Francis Cabrel Pour que dans dix mille ans de ça
On se retrouve à l'abri
Sous un ciel aussi joli
Que des milliers de roses Je viens du ciel, et les... (8 mots)
Etoiles entre elles Ne parlent que de toi
78%
Le Chasseur Michel Delpech
Les chiens pressés marchaient devant
Dans les roseaux
Par dessus l'étang
Soudain j'... (6 mots)
Ai vu, passer les oies sauvages
69%
Bélinda Claude François Il faut que je vous chante pour oublier
Une étoile filante qui m'a quitté
Vous pouvez m'aidez à la trouver Elle a les yeux bleus Bélinda, elle a... (4 mots)
Le front blond Bélinda
64%
Le Chanteur Daniel Balavoine J'me présente je m'appelle HenriJ'voudrais bien réussir ma vie Être aimé Être beau gagner de l'... (5 mots) ArgentPuis surtout être intelligent
55%
On ira tous au paradis Michel Polnareff Toutes les bonnes sœurs et tous les voleurs
Toutes les brebis et tous les bandits
On ira tous au paradis
On ira tous au paradis, même moi
Qu'on soit béni ou qu'... (5 mots)
On soit maudit, on ira
53%
Rockollection Laurent Voulzy
On a tous dans le cœur un morceau de ferraille usé
Un vieux scooter de rêve pour faire le cirque dans le quartier Et la petite fille chantait
Et la petite fille chantait
Un truc qui m'... (7 mots)
Colle encore au cœur et au corps
46%
San Francisco Maxime le Forestier C'est une maison bleueAdossée à la colline
On y vient à pied
On ne frappe pas, ceux... (7 mots)
Qui vivent là Ont jeté la clé
37%
L'été Indien Joe Dassin Je me souviens des marées hautes
du soleil et du bonheur qui passaient sur la mer
il y a une éternité, un siècle, il y a un an.
On ira où tu voudras, quand tu voudras
et on s'... (7 mots)
Aimera encore, lorsque l'amour sera mort
36%
Laisse Béton Renaud Moi je lui dis "laisse béton"
Il m'a filé une beigne
Je lui ai filé une torgnole
Il m'a filé une châtaigne
J'... (5 mots)
Lui ai filé mes grolles
30%
Mon Vieux Daniel Guichard Dans son vieux pardessus râpé
Il s'en allait l'hiver, l'été
Dans le petit matin frileux
Mon vieux Y'avait qu'un dimanche par semaine, les... (6 mots)
Autres jours c'était la graine
23%
Aucun quiz correspondant
Distribution des résultats
% des personnes avec chaque résultat
Percentile par nombre de réponses
Votre historique - résultats
Vous n’avez pas pris ce quiz depuis la dernière actualisation